| 000 | 01340nam0a2200313 i 4500 | ||
|---|---|---|---|
| 001 | RU\NLR\bibl\2009054 | ||
| 005 | 20260607061204.0 | ||
| 010 |
_a9785990398825 _93000 |
||
| 021 |
_aRU _b2013-11181 _9803 |
||
| 035 | _a(NLR Aleph) 001997642 | ||
| 090 |
_a4313875 _c4313875 |
||
| 100 | _a20130307d2012 u y0rusy50 ca | ||
| 101 | 0 | _arus | |
| 102 | _aRU | ||
| 105 | _aac ||||||||| | ||
| 200 | 1 |
_aЭпоха и личность _e[документально-историческая книга] _fавт. проекта Виктор Строгальщиков, Владимир Стригунов |
|
| 210 |
_aТюмень _cЭпоха _d2012 |
||
| 215 |
_a421, [2] с. _cил., портр. _d30 |
||
| 225 | 1 | _aТюменский характер | |
| 300 | _aВ макете загл.: Тюменский характер. Эпоха и личность | ||
| 517 | 0 | _aТюменский характер. Эпоха и личность | |
| 607 |
_aТюменская область _xИстория _xДеятели _92139924 _3RU\NLR\auth\661594402 |
||
| 686 | _aТ3(2Р-4Тю)7-8 | ||
| 702 | 1 |
_4570 _8rus _7ca _aСтрогальщиков _bВ. Л. _f1950- _gВиктор Леонидович _3RU\NLR\auth\771105 _9111138 |
|
| 801 | 0 |
_aRU _bNLR _c20130307 _gRCR |
|
| 801 | 1 |
_aRU _bNLR _c20130307 |
|
| 942 | _cBOOK | ||
| 980 | _aNBR | ||